书目信息 |
| 题名: |
俗语词典
|
|
| 作者: | 徐宗才 , 应俊玲 编著 | |
| 分册: | ||
| 出版信息: | 北京 商务印书馆 2004 |
|
| 页数: | 14,187页 | |
| 开本: | 19cm | |
| 丛书名: | ||
| 单 册: | ||
| 中图分类: | H136.4-61 | |
| 科图分类: | ||
| 主题词: | 汉语--俗语--词典 , 汉语 , 俗语 | |
| 电子资源: | ||
| ISBN: | 7-100-03767-0 | |
| 000 | 00845nam0 2200265 450 | |
| 001 | 1241146140 | |
| 005 | 20121016112611.10 | |
| 010 | @a7-100-03767-0@b精装@dCNY72.00 | |
| 100 | @a20050516d2004 em y0chiy50 ea | |
| 101 | 0 | @achi |
| 102 | @aCN@b110000 | |
| 105 | @ay e 001yy | |
| 200 | 1 | @a俗语词典@Asu yu ci dian@f徐宗才,应俊玲编著 |
| 205 | @a2版@b修订本 | |
| 210 | @a北京@c商务印书馆@d2004 | |
| 215 | @a14,187页@d19cm | |
| 330 | @a本词典共收常用俗语两万余条,条目按汉语拼音字母顺序排列。每条引用一至两个例句,所引用例句都是从古代白话小说、现代文学作品、报刊杂志以及其他书籍中选出的。 | |
| 606 | 0 | @a汉语@x俗语@j词典 |
| 606 | 0 | @a汉语 |
| 606 | 0 | @a俗语 |
| 690 | @aH136.4-61@v4 | |
| 701 | 0 | @a徐宗才@Axu zong cai@4编著 |
| 701 | 0 | @a应俊玲@Aying jun ling@4编著 |
| 801 | 0 | @aCN@bNLC@c20101222 |
| 905 | @a10447@dH136.4-61@eJY64 | |
| 俗语词典/徐宗才,应俊玲编著.-2版,修订本.-北京:商务印书馆,2004 |
| 14,187页;19cm |
| ISBN 7-100-03767-0(精装):CNY72.00 |
| 本词典共收常用俗语两万余条,条目按汉语拼音字母顺序排列。每条引用一至两个例句,所引用例句都是从古代白话小说、现代文学作品、报刊杂志以及其他书籍中选出的。 |
| ● |
| 相关链接 |
|
|
|
|
正题名:俗语词典
索取号:H136.4-61/JY64
 
预约/预借
| 序号 | 登录号 | 条形码 | 馆藏地/架位号 | 状态 | 备注 |
| 1 | 7829524 | 278295248 | 学院路分馆/ [索取号:H136.4-61/JY64] | 在馆 |